List all the Romance Languages - Statistics

General Stats
  • This quiz has been taken 894 times
  • The average score is 16 of 27
Answer Stats
Native Speakers Language % Correct
76 million French
99%
65 million Italian
98%
489 million Spanish
98%
250 million Portuguese
97%
24 million Romanian
92%
4 million Catalan
87%
2.4 million Galician
73%
4.7 million Sicilian
72%
44k Romansch
70%
1.3 million Sardinian
70%
500k Occitan
66%
150k Corsican
64%
3.8 million Venetian
59%
5.7 million Neapolitan
56%
3.6 million Lombard
53%
25k Aragonese
50%
41k Ladin
47%
114k Aromanian
44%
500k Ligurian
44%
1.6 million Piedmontese
43%
600k Walloon
43%
600k Friulian
41%
15k Mirandese
39%
50k Norman
38%
200k Picard
31%
200k Extremaduran
30%
140k Franco-Provencal
26%
No matching quizzes found
Score Distribution
Percent of People with Each Score
Percentile by Number Answered
Your Score History
You have not taken this quiz